Los sistemas interamericano y europeo de proteccin̤ de los derechos humanos

Detalles Bibliográficos
Autor principal: Lp̤ez Guerra, Luis
Otros Autores: Saiz Arnaiz, Alejandro
Formato: eBook
Lenguaje:español
Publicado: Lima: Palestra Editores, 2017
Materias:
Acceso en línea:Acceso restringido

MARC

LEADER 00000nam a22000007a 4500
005 20190827004432.0
007 cr|||| ||||
008 190827s2017 pe |||||s|||| 00||0 spa d
020 |a 978-612-4218-24-8 
035 |a 24194 
040 |a vLex 
090 |c 9278  |d 9278 
100 1 |a Lp̤ez Guerra, Luis 
245 1 3 |a Los sistemas interamericano y europeo de proteccin̤ de los derechos humanos  |h [Recurso electrn̤ico] /  |c Luis Lp̤ez Guerra, Alejandro Saiz Arnaiz 
256 |a Servicio en ln̕ea 
260 |a Lima:  |b Palestra Editores,  |c 2017 
300 |a 1 recurso electrn̤ico 
500 |a Una introduccin̤ desde la perspectiva del dil̀ogo entre tribunales. 
506 1 |a Disponible solo en los productos indicados  |d vLex Global  |d vLex Global (Academic Edition, excluding Law Schools)  |d vLex Global (U.S. Academic Edition, Law Schools)  |d vLex Global (U.S. Academic Edition, excluding Law Schools)  |d vLex Global (Academic Edition, Law Schools) 
650 0 4 |a Derecho Internacional  |z Per︢ 
650 0 4 |a Derecho Constitucional  |z Per︢ 
700 1 |a Saiz Arnaiz, Alejandro 
740 0 |a vLex Libros (Servicio en ln̕ea) 
856 4 0 |u http://vlex.com/source/sistemas-interamericano-europeo-proteccion-derechos-humanos-24194  |z Acceso restringido 
942 |c BOOK 
999 0 |a International Law 
999 0 |a Constitutional Law